| 000 | 00541nam a2200193Ia 4500 | ||
|---|---|---|---|
| 008 | 220216s9999 xx 000 0 und d | ||
| 100 | _aNazeer M A | ||
| 245 | 0 | _aSecond selections from the 1954 hand pollination programme | |
| 260 |
_bIndian Journal of Natural Rubber Research _c1989 |
||
| 300 | _a131-133 | ||
| 650 | _aHand pollination | ||
| 650 | _aHand pollination | ||
| 650 | _aHevea brasiliensis | ||
| 650 | _aHevea brasiliensis | ||
| 700 | _aGeorge P J | ||
| 700 | _aPanikkar A O N | ||
| 700 | _aPremakumari D | ||
| 942 | _cAR | ||
| 999 |
_c47024 _d47024 |
||